00594nam a22001697a 450000500170000001000150001702000270003203500140005903700130007308200110008610000180009724500850011526000400020027001090024030000250034950000500037420190722125052.0 aENG-126031 a9788178442198c1495.00 aEN-109563 bDBAD/PUB a371.33 aSharma, Anita aDevelopment skills and concepts through eductional technology /cby Anita Sharma aNew DelhibR.K. Pulblicationsc2018 a4806/24, Bharat Ram Road, Darya GanjbNew Delhie110002k011-23285167, 65185557minfo@kkpublications.com aviii,264p.c24cm(Hb) aIncludes bibliographical references and index